Termorezistencia Staphylococcus aureus

Enregistré dans:
Détails bibliographiques
Auteur principal: Urgelova, Karla (Auteur)
Autres auteurs: Medveďová, Alžbeta (Directeur de thèse)
Format: Manuscrit Livre
Langue:slovaque
Publié: 2018
Sujets:
Accès en ligne:http://is.stuba.sk/zp/portal_zp.pl?podrobnosti=136430
Tags: Ajouter un tag
Pas de tags, Soyez le premier à ajouter un tag!

MARC

LEADER 00000ntm a22000003a 4500
001 stuzp69636
003 SK-STU
005 20180602211137.1
007 ta
008 150427s2015----xo-----f-mn---000-0-slo-d
040 |a STU  |b slo 
041 0 |a slo 
100 1 |a Urgelova, Karla  |u 040270  |4 aut  |U FCHPT Ústav potravinárstva a výživy  |T FCHPT Oddelenie výživy a hodnotenia kvality potravín  |X 63802  |U C0270  |Y 686  |7 63802 
242 0 1 |a Termoresistance of Staphylococcus aureus  |y eng 
245 1 0 |a Termorezistencia Staphylococcus aureus 
260 |c 2018 
650 4 |a termorezistencia  |2 slo 
650 4 |a Staphylococcus aureus  |2 slo 
650 4 |a z-hodnota  |2 slo 
650 4 |a D-hodnota  |2 slo 
650 4 |a Staphylococcus aureus  |2 eng 
650 4 |a thermoresistance  |2 eng 
650 4 |a z-value  |2 eng 
650 4 |a D-value  |2 eng 
700 1 |a Medveďová, Alžbeta  |u 040270  |k Z1  |4 ths  |U FCHPT Ústav potravinárstva a výživy  |T FCHPT Oddelenie výživy a hodnotenia kvality potravín  |X 19372  |U C0270  |Y 686  |7 A000019372 
856 4 |u http://is.stuba.sk/zp/portal_zp.pl?podrobnosti=136430